<?xml version="1.0" encoding="UTF-8"?>
<collection xmlns="http://www.loc.gov/MARC21/slim">
 <record>
  <leader>01730nam a22002297a 4500</leader>
  <controlfield tag="001">NCT_30866</controlfield>
  <controlfield tag="008">180417b        xxu||||| |||| 00| 0 vie d</controlfield>
  <datafield tag="999" ind1=" " ind2=" ">
   <subfield code="c">1485</subfield>
   <subfield code="d">1485</subfield>
  </datafield>
  <datafield tag="020" ind1=" " ind2=" ">
   <subfield code="a">9786046613800</subfield>
   <subfield code="c">258000</subfield>
  </datafield>
  <datafield tag="082" ind1="0" ind2="4">
   <subfield code="2">23rd ed.</subfield>
   <subfield code="a">618.92</subfield>
   <subfield code="b">Kh107</subfield>
  </datafield>
  <datafield tag="100" ind1="1" ind2=" ">
   <subfield code="a">Nguyễn Công Khanh</subfield>
   <subfield code="e">Chủ biên</subfield>
  </datafield>
  <datafield tag="245" ind1="1" ind2="0">
   <subfield code="a">Hướng dẫn chẩn đoán điều trị bệnh trẻ em</subfield>
   <subfield code="c">Nguyễn Công Khanh, Lê Thanh Hải</subfield>
  </datafield>
  <datafield tag="250" ind1=" " ind2=" ">
   <subfield code="a">Tái bản lần thứ ba, có sửa chữa và bổ sung</subfield>
  </datafield>
  <datafield tag="260" ind1=" " ind2=" ">
   <subfield code="a">H.</subfield>
   <subfield code="b">Y học</subfield>
   <subfield code="c">2015</subfield>
  </datafield>
  <datafield tag="300" ind1=" " ind2=" ">
   <subfield code="a">708tr.</subfield>
   <subfield code="c">24cm</subfield>
  </datafield>
  <datafield tag="520" ind1="3" ind2=" ">
   <subfield code="a">Cuốn sách góp phần nâng cao chất lượng khám, chữa bệnh của Bệnh viện Nhi Trung ương. Nội dung cuốn sách bao gồm những bệnh thường gặp và cấp cứu ở trẻ em, được sắp xếp theo chuyên khoa. Các bài do tập thể các giáo sư, tiến sĩ, thạc sĩ, bác sĩ chuyên khoa viết. Kỹ thuật chẩn đoán, điều trị ngày càng tiến bộ, các bài viết cố gắng cập nhật các tiến bộ khoa học kỹ thuật, song cũng vận dụng cho thích hợp thực tiễn hiện nay.</subfield>
  </datafield>
  <datafield tag="653" ind1=" " ind2=" ">
   <subfield code="a">Y đa khoa</subfield>
  </datafield>
  <datafield tag="700" ind1="1" ind2=" ">
   <subfield code="a">Lê Thanh Hải</subfield>
   <subfield code="e">Chủ biên</subfield>
  </datafield>
  <datafield tag="942" ind1=" " ind2=" ">
   <subfield code="2">ddc</subfield>
   <subfield code="c">BK</subfield>
  </datafield>
  <datafield tag="952" ind1=" " ind2=" ">
   <subfield code="0">0</subfield>
   <subfield code="1">0</subfield>
   <subfield code="2">ddc</subfield>
   <subfield code="4">0</subfield>
   <subfield code="6">618_920000000000000_KH107</subfield>
   <subfield code="7">0</subfield>
   <subfield code="9">7125</subfield>
   <subfield code="a">000001</subfield>
   <subfield code="b">000001</subfield>
   <subfield code="d">2018-04-17</subfield>
   <subfield code="l">2</subfield>
   <subfield code="o">618.92 Kh107</subfield>
   <subfield code="p">MD.11068</subfield>
   <subfield code="r">2019-05-08</subfield>
   <subfield code="s">2019-04-26</subfield>
   <subfield code="v">258000.00</subfield>
   <subfield code="w">2018-04-17</subfield>
   <subfield code="y">BK</subfield>
  </datafield>
  <datafield tag="952" ind1=" " ind2=" ">
   <subfield code="0">0</subfield>
   <subfield code="1">0</subfield>
   <subfield code="2">ddc</subfield>
   <subfield code="4">0</subfield>
   <subfield code="6">618_920000000000000_KH107</subfield>
   <subfield code="7">0</subfield>
   <subfield code="9">7126</subfield>
   <subfield code="a">000001</subfield>
   <subfield code="b">000001</subfield>
   <subfield code="d">2018-04-17</subfield>
   <subfield code="o">618.92 Kh107</subfield>
   <subfield code="p">MD.11539</subfield>
   <subfield code="r">2018-04-17</subfield>
   <subfield code="v">258000.00</subfield>
   <subfield code="w">2018-04-17</subfield>
   <subfield code="y">BK</subfield>
  </datafield>
  <datafield tag="980" ind1=" " ind2=" ">
   <subfield code="a">Thư viện Trường Đại học Nam Cần Thơ</subfield>
  </datafield>
 </record>
</collection>
